000 02023nam0a22003131 4500
001 rc\4577851
005 20260607073548.0
021 _aRU
_b[63-100683]
035 _a(NLR Aleph) 008376956
090 _a9093546
_c9093546
100 _a20130416d1963 u y0rusy50 ca
101 0 _arus
102 _aRU
105 _ac z |||a|
200 1 _aИзбранные произведения
_eСтихи. Поэмы. Проза
_f[Сост., вступ. очерк, с. 3-42, и коммент. В.Д. Дувакина
_gИл.: Л. Дурасов]
210 _aМосква
_cДетгиз
_d1963
215 _a623 с., 1 л. портр.
_d22
225 1 _aШкольная библиотека
_i[Для восьмилетней и средней школы]
327 0 _aВ книге также: Из воспоминаний о Маяковском А.А. Маяковской, В.В. Каменского, Р.Я. Каменского, Р.Я. Райт, Т. Киселевой, П.И. Лавута, И. Кальма, А.Г. Бромберга
464 0 _1701#1$aМаяковская$bА. А.$gАлександра Алексеевна$f1867-1954$3RU\NLR\AUTH\770137705
_1701#1$aКаменский$bВ.В.
_1701#1$aРайт$bР.Я.
_1701#1$aКиселева$bТ.
_1701#1$aЛавут$bП.И.
_1701#1$aКальм$bИ.
_1701#1$aБромберг$bА.Г.
_1702#1$aМаяковский$bВ.В.$f1893-1930$gВладимир Владимирович$4570
700 1 _8rus
_7ca
_aМаяковский
_bВ. В.
_f1893-1930
_gВладимир Владимирович
_3RU\NLR\AUTH\775761
_9115720
702 1 _4220
_4080
_4212
_7ca
_8rus
_aДувакин
_bВ. Д.
_cлитературовед
_f1909-1982
_gВиктор Дмитриевич
_9259517
_3RU\NLR\AUTH\770259573
702 1 _4440
_7ca
_8rus
_aДурасов
_bЛ. П.
_cхудожник
_f1932-2016
_gЛев Петрович
_985685
_3RU\NLR\auth\77102759
801 0 _aRU
_bNLR
_gpsbo
801 1 _aRU
_bELAR
_2rusmarc
852 _aNLR
_j64-5/343
942 _cBOOK
980 _aNB